000 00565 a2200181 4500
003 Nust
005 20170207153207.0
040 _cNust
082 _a005.1
100 _aKhan, Majid Saeed (MSCS-2)
245 _aSimulation of drilling process control
_cMajid Saeed Khan
260 _bMCS,NUST
_c1999
_aRawalpindi
300 _aviii, 86, p.;
505 _aIntroduction (page-1) Background (page-6) Conceptulization (page-41) Implemation (page-48) Conclusion and future work (page-83)
538 _aAlmirah No.73 Shelf No.1
650 _aPG Thesis
651 _aMSCS-2
942 _cTHS
999 _c181255
_d181255